000 00543nam a2200217Ia 4500
003 OSt
005 20221005123757.0
006 a|||||r|||| 00| 0
007 ta
008 221004b |||||||| |||| 00| 0 eng d
024 _a120272
037 _cTextual
040 _aCRL
_cCRL
_beng
041 _2eng
_aeng
100 _aPathak Kamla kant
_9634199
245 0 _aMaithlisharan gupt
_b Vayakti aur kavya
260 _c1960
650 _aHINDI LITERATURE
_923866
942 _cTEXL
_2cc
999 _c1048441
_d1048441